Probabilistic graphical models for computer vision (Record no. 6842)

MARC details
000 -LEADER
fixed length control field 00559nam a22002057a 4500
003 - CONTROL NUMBER IDENTIFIER
control field OSt
005 - DATE AND TIME OF LATEST TRANSACTION
control field 20220107122900.0
008 - FIXED-LENGTH DATA ELEMENTS--GENERAL INFORMATION
fixed length control field 210723b xxu||||| |||| 00| 0 eng d
020 ## - INTERNATIONAL STANDARD BOOK NUMBER
International Standard Book Number 9780128034675
040 ## - CATALOGING SOURCE
Transcribing agency KUDSIT
082 ## - DEWEY DECIMAL CLASSIFICATION NUMBER
Classification number 006.37 JI/P
100 ## - MAIN ENTRY--PERSONAL NAME
Personal name Ji, Qiang
9 (RLIN) 18589
245 ## - TITLE STATEMENT
Title Probabilistic graphical models for computer vision
Statement of responsibility, etc. Qiang Ji
260 ## - PUBLICATION, DISTRIBUTION, ETC.
Place of publication, distribution, etc. UK;
Name of publisher, distributor, etc. Academic Press,
Date of publication, distribution, etc. 2020.
300 ## - PHYSICAL DESCRIPTION
Extent xv, 278p.
650 ## - SUBJECT ADDED ENTRY--TOPICAL TERM
Topical term or geographic name entry element COMPUTER SCIENCE
9 (RLIN) 18590
650 ## - SUBJECT ADDED ENTRY--TOPICAL TERM
Topical term or geographic name entry element COMPUTER VISION
9 (RLIN) 18591
650 ## - SUBJECT ADDED ENTRY--TOPICAL TERM
Topical term or geographic name entry element PROBABILISTIC MODELS
9 (RLIN) 18592
942 ## - ADDED ENTRY ELEMENTS (KOHA)
Source of classification or shelving scheme Dewey Decimal Classification
Koha item type Books
Holdings
Withdrawn status Lost status Source of classification or shelving scheme Damaged status Not for loan Collection code Home library Current library Shelving location Date acquired Cost, normal purchase price Total Checkouts Full call number Barcode Date last seen Price effective from Koha item type Total Renewals Date last checked out
    Dewey Decimal Classification     Computer Vision Kerala University of Digital Sciences, Innovation and Technology Knowledge Centre Kerala University of Digital Sciences, Innovation and Technology Knowledge Centre Computer Science 23/07/2021 4915.00   006.37 JI/P 5775 23/07/2021 23/07/2021 Books    
    Dewey Decimal Classification     Computer Vision Kerala University of Digital Sciences, Innovation and Technology Knowledge Centre Kerala University of Digital Sciences, Innovation and Technology Knowledge Centre Computer Science 23/07/2021 4915.00   006.37 JI/P;1 5776 23/07/2021 23/07/2021 Books    
    Dewey Decimal Classification     Computer Vision Kerala University of Digital Sciences, Innovation and Technology Knowledge Centre Kerala University of Digital Sciences, Innovation and Technology Knowledge Centre Computer Science 23/07/2021 4915.00   006.37 JI/P;2 5777 23/07/2021 23/07/2021 Books    
    Dewey Decimal Classification     Computer Vision Kerala University of Digital Sciences, Innovation and Technology Knowledge Centre Kerala University of Digital Sciences, Innovation and Technology Knowledge Centre Computer Science 23/07/2021 4915.00   006.37 JI/P;3 5778 23/07/2021 23/07/2021 Books    
    Dewey Decimal Classification     Computer Vision Kerala University of Digital Sciences, Innovation and Technology Knowledge Centre Kerala University of Digital Sciences, Innovation and Technology Knowledge Centre Computer Science 23/07/2021 4915.00 2 006.37 JI/P;4 5779 15/03/2022 23/07/2021 Books 5 14/01/2022